Общая топология отображения топологических пространств

Bibliografische gegevens
Andere auteurs: Федорчук В. В. (редактор)
Taal:Russisch
Gepubliceerd in: Москва, Изд-во Московского ун-та, 1986
Onderwerpen:
Formaat: MixedMaterials Boek
KOHA link:https://koha.lib.tpu.ru/cgi-bin/koha/opac-detail.pl?biblionumber=268216

MARC

LEADER 00000nam0a2200000 4500
001 268216
005 20231101234140.0
035 |a (RuTPU)RU\TPU\book\291348 
090 |a 268216 
100 |a 20140828d1986 k y0rusy50 ca 
101 0 |a rus 
102 |a RU 
105 |a a z 001zy 
200 1 |a Общая топология отображения топологических пространств  |f под ред. В. В. Федорчука 
210 |a Москва  |c Изд-во Московского ун-та  |d 1986 
215 |a 170 с.  |c ил. 
320 |a Библиогр. в конце ст. 
606 1 |a Топология  |2 stltpush  |3 (RuTPU)RU\TPU\subj\60999  |9 78215 
610 1 |a топологические пространства 
610 1 |a отображение 
610 1 |a теория размерностей 
610 1 |a топологические группы 
610 1 |a теорема Чеботарева 
675 |a 515.1  |v 3 
702 1 |a Федорчук  |b В. В.  |4 340 
801 1 |a RU  |b 63413507  |c 20140828 
801 2 |a RU  |b 63413507  |c 20151124  |g RCR 
942 |c BK